[Event "Palermo op"]
[Site "Palermo"]
[Date "2004.10.30"]
[Round "2"]
[White "Terranova, Roberto"]
[Black "Ferrante, Marco"]
[Result "0-1"]
[WhiteElo "1820"]
[BlackElo "2095"]
[PlyCount "48"]
[EventDate "2004.10.29"]
[EventType "swiss"]
[EventRounds "9"]
[EventCountry "ITA"]
[SourceTitle "EXT 2007"]
[Source "ChessBase"]
[SourceDate "2006.11.23"]
[SourceVersion "1"]
[SourceVersionDate "2006.11.23"]
[SourceQuality "1"]

1. c4 c6 2. g3 d5 3. b3 dxc4 4. bxc4 Qd4 5. Nc3 Qxc4 6. Bg2 e5 7. Nf3 Nd7 8. Qc2 Bb4 9. Bb2 Ngf6 10. Qf5 Qg4 11. Qc2 0-0 12. Rb1 Bd6 13. Nd1 Qe6 14. Ba1 Nb6 15. Ne3 h6 16. 0-0 Nfd5 17. Nd1 Bd7 18. Nb2 Nb4 19. Qe4 Nxa2 20. Na4 f5 21. Qc2 Nb4 22. Qd1 Nxa4 23. Qxa4 c5 24. Qd1 e4 0-1